000 00870nam a2200301Ia 4500
001 86106
003 IT-RoPAU
008 130308s9999 xx 000 0 und d
040 _aIT-RoPAU
040 _cIT-RoPAU
041 _aTEDESCO
100 _aDe la Motte-Haber Helga
100 _gCodice Aut. SPICS: 12740
245 _aKinderfernsehen-Eine Provokationfur die Musikpadagogik?
245 _bMusik in Den Massenmedien Rundfunk Und Fernsehen
250 _a1a ed.
260 _aMAINZ
260 _bSchott'S Sohne
260 _c1976 [1° Ed.:1976 - Ed.Ling.Originale:1976]
300 _a"7 p. (prefazione: no ; testo: 7 [pagine: 11-17])"
500 _aTelevisione per Bambini provocazione per la Pedagogia Musicale
650 _aSAGGI MUSICALI
650 _eCodice materia Spics: 7011
942 _cBK
957 _71
999 _c60031
_d60031
999 _bSI
999 _g1